000 00911nam a2200253Ia 4500
003 OSt
005 20220923211038.0
006 a|||||r|||| 00| 0
007 ta
008 220922b |||||||| |||| 00| 0 pan d
020 _a8172055560 (hbk)
_c280
024 _a336,932
037 _bSP/5382, 17/03/2018, Star Publications (Pvt.) Ltd.
_cTextual
040 _aARTS
_cARTS
_bpan
041 _2pan
_apan
082 _aV45, 153Q6
100 _aਪੰਨੂ, ਹਰਪਾਲ ਸਿੰਘ, ਂਚ.
_9157557
245 0 _aਈਰਾਨ ਤੇ ਈਰਾਨੀ
260 _aਅੰਮ੍ਰਿਤਸਰ
_b ਸਿੰਘ ਬ੍ਰਦਰਗ਼
_c2016
300 _a304ਪ0
_ccm.
650 _aਇਰਾਨ ਇਤਿਹਾਸ
_9156353
942 _hV45, 153Q6
_cTEXL
_2CC
999 _c294449
_d294449